Landtagswahl Tirol 2022 Wahlergebnisse - Statistiken

Allgemein
  • Dieses Quiz wurde 19 mal gespielt
  • Das Durchschnittsergebnis liegt bei 9 aus 45
Antwortstatistiken
Partei Prozent Bz. Gemeinde % Korrekt
Grüne 18.00% I Innsbruck
89%
KPÖ 2.71% I Innsbruck
89%
Grüne 14.67% KU Kufstein
67%
KPÖ 2.29% IL Hall in Tirol
50%
ÖVP 80.83% LA Ischgl
50%
ÖVP 77.59% LA Galtür
39%
ÖVP 95.65% RE Gramais
33%
SPÖ 50.89% IL Gries im Sellrain
33%
SPÖ 58.51% IL Sellrain
33%
ÖVP 80.77% RE Jungholz
28%
ÖVP 82.85% LA Kappl
28%
SPÖ 40.52% IL St. Sigmund im Sellrain
28%
Neos 14.69% IL Telfs
28%
Fritz 17.56% IL Götzens
22%
Fritz 16.07% IL Matrei am Brenner
22%
Fritz 16.03% KU Rattenberg
22%
Grüne 15.53% IL Aldrans
17%
Neos 10.95% IL Lans
17%
Neos 14.07% IM Mils bei Imst
17%
SPÖ 33.88% IL Oberperfuss
17%
Grüne 18.27% IL Sistrans
17%
KPÖ 1.69% IL Sistrans
17%
FPÖ 34.17% SZ Gallzein
11%
FPÖ 34.43% SZ Gerlosberg
11%
SPÖ 38.64% IL Grinzens
11%
MFG 6.64% LZ Iselsberg-Stronach
11%
Fritz 19.63% LZ Kartitsch
11%
MFG 11.68% KU Mariastein
11%
Grüne 14.44% IL Natters
11%
FPÖ 33.13% SZ Pill
11%
MFG 7.10% SZ Strass im Zillertal
11%
FPÖ 32.58% SZ Zellberg
11%
MFG 8.18% KU Angerberg
6%
Fritz 17.58% IL Gnadenwald
6%
Mach mit 1.26% IL Gschnitz
6%
KPÖ 1.54% IL Oberhofen im Inntal
6%
Mach mit 0.86% IL Oberhofen im Inntal
6%
MFG 6.67% RE Pinswang
6%
KPÖ 1.73% IL Polling in Tirol
6%
Mach mit 1.10% IL Polling in Tirol
6%
Neos 11.31% IL Reith bei Seefeld
6%
Mach mit 1.62% IL Reith bei Seefeld
6%
Neos 10.91% KU Thiersee
6%
Mach mit 0.88% IL Tulfes
6%
FPÖ 36.52% LZ Virgen
6%
Keine übereinstimmenden Quizze gefunden
Verteilung der Resultate
Anzahl Personen mit jedem Resultat
Perzentil nach korrekt beantworteten Fragen
Ihre Resultats-Entwicklung
Sie haben dieses Quiz noch nicht gespielt